| 000 | 00625nam a22001695i 4500 | ||
|---|---|---|---|
| 001 | 166560 | ||
| 003 | ES-MaACL | ||
| 005 | 20230906213345.0 | ||
| 008 | 030410s1879 sp |||| | spa d | ||
| 040 |
_aCCPB | B _bspa _cCCPB | B |
||
| 100 | 1 |
_aTort y Martorell, Javier. _9133343 |
|
| 245 | 1 | 0 |
_aTratado general de expropiación por utilidad pública / _cpor Javier Tort y Martorell. |
| 260 |
_aBarcelona : _b[s.n.], _c1879 ( _festablecimiento tipográfico de los Sucesores de N. Ramírez y C.ª) |
||
| 300 |
_aXIV, 464 p. ; _c24 cm. |
||
| 650 | 0 | 4 |
_aExpropiación forzosa. _912703 |
| 852 |
_aES-MaACL _jC-2396 _z-- Enc. hol. |
||
| 999 |
_c166560 _d166560 |
||